Представление документа в формате RUSMARC

ПолеНазваниеЗначение
  Тип записи a
  Библиографический уровень a
001 Контрольный номер RU/УОНБ/EK_Kray/354991451
005 Дата корректировки 20240131005128.2
100 Данные общей обработки __
a Данные общей обработки 20110401d2011 ||| 0rusy0189 ca
101 Язык документа 0_
a Язык текста rus
102 Страна публикации __
a Страна публикации RU
105 Кодированные данные (монография) __
a Кодированные данные (монография) y###||||000|y
200 Заглавие и сведения об ответственности 1_
a Заглавие "Нескучный сад" в Ульяновске
f Первые сведения об ответственности Людмила Дягилева
215 Физическое описание __
c Иллюстрации/тип воспроизводства 7 фот.
330 Аннотация __
a Аннотация Летом 2010 г. в Ульяновске в Карамзинском сквере работал летний читальный зал.
461 Уровень набора _0
1 2000
a Новая библиотека
1 011
463 Уровень физической единицы _0
1 001RU/УОНБ/EK_Kray/354991183
1 2000
a № 4
v С. 45-48
1 210
d 2011
601 Наименование организации как предмет 02
a Наименование организации как предмет Централизованная библиотечная система г. Ульяновска
610 Ключевые слова 0_
a Ключевые слова летний читальный зал
686 Индексы других классификаций __
a Классификационный индекс 78.340.671.33
2 Код системы rubbk
700 Автор _1
a Фамилия Дягилева
b Имя (инициалы) Л.
g Полное личное имя Людмила
4 Код отношения 070
801 Источник записи _0
a Страна RU
b Организация Ульяновская ОНБ
c Дата составления 20110401
g Правила каталогизации RCR
801 Источник записи _1
a Страна RU
b Организация IS
c Дата составления 20110401
g Правила каталогизации RCR
901 Тип документа __
t Тип документа b
w Контрольный № источника RU/УОНБ/EK_Kray/354991183
909 Создатель записи __
a Создатель записи Бороденкова
938 Служебная информация __
a Имя БД kraeved_work
b Имя библиотеки УОНБ
c Имя АИБС МАРК-SQL
d Номер DOC_ID в БД 75106